000 00521nam a2200169Ia 4500
003 GCL
008 140319s9999 xx 000 0 ara d
040 _aGCL /
_cGCL
082 0 4 _a922.1
_bح ت
100 1 _aالحكيمى , محمد رضا
245 1 0 _aتاريخ العلماء عبر العصور المختلفة /
_cالحكيمى , محمد رضا
260 _a[S.N] :
_bمؤسسة الاعلى للمطبوعات ،
_c1983
300 _a6640 ص
490 _a
650 0 4 _aالاسلام
942 _2ddc
_cBK
999 _c41110
_d41110